Chypre - mort subite - Statistiques

Statistiques générales
  • Ce quiz a été pris 71 fois
  • Le résultat moyen est 6 sur 18
Answers on the Grid
Answers color-coded by a green-red scale on the quiz's grid according to % correct below.
Nicosie
Limassol
Ayia Napa
APOEL
Dentelle de Lefkara
Makarios III
Mont Olympe
Hala Sultan Tekke
Halloumi
Chaîne du Troodos
Lieu de naissance d'Aphrodite
Borde la mer Ionienne
Parc archéologique de Paphos
Majoritairement orthodoxe
Athènes
Thessalonique
Mont Athos
Région de la Grèce
Membre de l'espace Schengen
Majoritairement catholique
Olives de Kalamata
Drapeau bleu et blanc
Borde la mer Égée
Moussaka
Parthénon
Lieu de naissance d'Héphaïstos
Souvla
Souvlaki
Occupée par Venise
Occupée par l'Italie fachiste
L'Odyssée
Le conte des origines de la guerre de Troie
Othello*
Le Roi Lear*
Zorba le Grec
Sanctuaire de Delphes
 
Statistiques - réponses
Réponse % Correct
Limassol
67%
Nicosie
62%
Parc archéologique de Paphos
55%
APOEL
48%
Majoritairement orthodoxe
48%
Lieu de naissance d'Aphrodite
45%
Mont Olympe
40%
Dentelle de Lefkara
31%
Ayia Napa
29%
Makarios III
24%
Chaîne du Troodos
21%
Halloumi
21%
Othello*
19%
Hala Sultan Tekke
17%
Occupée par Venise
17%
Souvla
7%
Le conte des origines de la guerre de Troie
2%
Zorba le Grec
0%
Aucun quiz correspondant
Distribution des résultats
% des personnes avec chaque résultat
Percentile par nombre de réponses
Votre historique - résultats
Vous n’avez pas pris ce quiz